| 000 -LEADER |
| fixed length control field |
03007cam a2200529 i 4500 |
| 001 - CONTROL NUMBER |
| control field |
18935229 |
| 003 - CONTROL NUMBER IDENTIFIER |
| control field |
NUST |
| 005 - DATE AND TIME OF LATEST TRANSACTION |
| control field |
20220825121025.0 |
| 008 - FIXED-LENGTH DATA ELEMENTS--GENERAL INFORMATION |
| fixed length control field |
160113s2016 nyu 001 0 eng d |
| 010 ## - LIBRARY OF CONGRESS CONTROL NUMBER |
| LC control number |
2016930771 |
| 020 ## - INTERNATIONAL STANDARD BOOK NUMBER |
| International Standard Book Number |
1438007493 |
| Qualifying information |
(pbk.) |
| 020 ## - INTERNATIONAL STANDARD BOOK NUMBER |
| International Standard Book Number |
9781438007496 |
| Qualifying information |
(pbk.) |
| 035 ## - SYSTEM CONTROL NUMBER |
| System control number |
(OCoLC)ocn919482877 |
| 038 ## - RECORD CONTENT LICENSOR |
| Staff Name |
Azhar |
| 040 ## - CATALOGING SOURCE |
| Original cataloging agency |
BTCTA |
| Language of cataloging |
eng |
| Transcribing agency |
BTCTA |
| Description conventions |
rda |
| Modifying agency |
YDXCP |
| -- |
OCLCQ |
| -- |
XCA |
| -- |
OCLCO |
| -- |
AZT |
| -- |
OCLCF |
| -- |
OCLCO |
| -- |
FLWMD |
| -- |
TOH |
| -- |
BDX |
| -- |
IGA |
| -- |
IGP |
| -- |
CHILD |
| -- |
BKL |
| -- |
QGE |
| -- |
OCLCQ |
| -- |
DLC |
| 042 ## - AUTHENTICATION CODE |
| Authentication code |
lccopycat |
| 050 00 - LIBRARY OF CONGRESS CALL NUMBER |
| Classification number |
LB2367.4 |
| Item number |
.G43 2016 |
| 082 04 - DEWEY DECIMAL CLASSIFICATION NUMBER |
| Classification number |
378.1662 |
| Author Mark |
GEE |
| 100 1# - MAIN ENTRY--PERSONAL NAME |
| Personal name |
Geer, Philip. |
| 9 (RLIN) |
95314 |
| 245 10 - TITLE STATEMENT |
| Title |
Essential words for the GRE |
| Statement of responsibility, etc. |
Philip Geer, Ed.M. |
| 246 3# - VARYING FORM OF TITLE |
| Title proper/short title |
Essential words for the Graduate Record Exam |
| 246 3# - VARYING FORM OF TITLE |
| Title proper/short title |
Barron's essential words for the GRE |
| 246 3# - VARYING FORM OF TITLE |
| Title proper/short title |
Barron's essential words for the Graduate Record Exam |
| 250 ## - EDITION STATEMENT |
| Edition statement |
Fourth edition. |
| 260 ## - PUBLICATION, DISTRIBUTION, ETC. |
| Place of publication, distribution, etc. |
Hauppauge, N.Y. : |
| Name of publisher, distributor, etc. |
Barron's Educational Series, Inc., |
| Date of publication, distribution, etc. |
2016 |
| 264 #4 - PRODUCTION, PUBLICATION, DISTRIBUTION, MANUFACTURE, AND COPYRIGHT NOTICE |
| Date of production, publication, distribution, manufacture, or copyright notice |
©2016 |
| 300 ## - PHYSICAL DESCRIPTION |
| Extent |
418 pages |
| Dimensions |
23 cm |
| 336 ## - CONTENT TYPE |
| Content type term |
text |
| Content type code |
txt |
| Source |
rdacontent |
| 337 ## - MEDIA TYPE |
| Media type term |
unmediated |
| Media type code |
n |
| Source |
rdamedia |
| 338 ## - CARRIER TYPE |
| Carrier type term |
volume |
| Carrier type code |
nc |
| Source |
rdacarrier |
| 500 ## - GENERAL NOTE |
| General note |
Includes index. |
| 505 0# - FORMATTED CONTENTS NOTE |
| Formatted contents note |
Introduction: mastering advanced vocabulary for the GRE -- Pretest -- Suggested study plans -- 300 high-frequency GRE words -- Essential words for the GRE -- Review: 300 high-frequency GRE words -- Review: essential words for the GRE -- 300 high-frequency word roots -- Common suffixes -- Posttest -- Answer keys essential words for the GRE -- Root roundup -- Root roundup review. |
| 520 ## - SUMMARY, ETC. |
| Summary, etc. |
An extensive working vocabulary is a prerequisite for test-taking success on the Graduate Record Exam. This book presents 800 graduate-level words with definitions that frequently appear on the exam. Words are used in different contexts to familiarize test takers with their many variations. The book's additional features include a pre-test that helps to diagnose weaknesses, a lengthy word list with extensive practice exercises, and a chapter that discusses and analyzes essential word roots. The book concludes with a post-test to assess progress. Answers are provided for all exercises and for all questions in the pre- and post-test. |
| 563 ## - BINDING INFORMATION |
| Binding note |
PB |
| 650 #0 - SUBJECT ADDED ENTRY--TOPICAL TERM |
| Topical term or geographic name entry element |
Graduate Record Examination |
| Form subdivision |
Study guides. |
| 9 (RLIN) |
95315 |
| 650 #0 - SUBJECT ADDED ENTRY--TOPICAL TERM |
| Topical term or geographic name entry element |
English language |
| Form subdivision |
Glossaries, vocabularies, etc. |
| 9 (RLIN) |
95316 |
| 650 #0 - SUBJECT ADDED ENTRY--TOPICAL TERM |
| Topical term or geographic name entry element |
Vocabulary |
| Form subdivision |
Problems, exercises, etc. |
| 9 (RLIN) |
95317 |
| 650 #7 - SUBJECT ADDED ENTRY--TOPICAL TERM |
| Topical term or geographic name entry element |
English language. |
| Source of heading or term |
fast |
| Authority record control number or standard number |
(OCoLC)fst00910920 |
| 650 #7 - SUBJECT ADDED ENTRY--TOPICAL TERM |
| Topical term or geographic name entry element |
Graduate Record Examination. |
| Source of heading or term |
fast |
| Authority record control number or standard number |
(OCoLC)fst00945816 |
| 650 #7 - SUBJECT ADDED ENTRY--TOPICAL TERM |
| Topical term or geographic name entry element |
Vocabulary. |
| Source of heading or term |
fast |
| Authority record control number or standard number |
(OCoLC)fst01168328 |
| 9 (RLIN) |
8305 |
| 655 #7 - INDEX TERM--GENRE/FORM |
| Genre/form data or focus term |
Glossaries, vocabularies, etc. |
| Source of term |
fast |
| Authority record control number |
(OCoLC)fst01423786 |
| 9 (RLIN) |
95318 |
| 655 #7 - INDEX TERM--GENRE/FORM |
| Genre/form data or focus term |
Problems and exercises. |
| Source of term |
fast |
| Authority record control number |
(OCoLC)fst01423783 |
| 9 (RLIN) |
95319 |
| 655 #7 - INDEX TERM--GENRE/FORM |
| Genre/form data or focus term |
Study guides. |
| Source of term |
fast |
| Authority record control number |
(OCoLC)fst01423888 |
| 9 (RLIN) |
24862 |
| 906 ## - LOCAL DATA ELEMENT F, LDF (RLIN) |
| a |
7 |
| b |
cbc |
| c |
orignew |
| d |
2 |
| e |
epcn |
| f |
20 |
| g |
y-gencatlg |
| 942 ## - ADDED ENTRY ELEMENTS (KOHA) |
| Source of classification or shelving scheme |
|
| Koha item type |
Lincoln Corner |